00344nam a2200157Ia 4500003000900000008004100009040001300050040001300063041000800076100002300084245004300107250001100150260000900161300001000170490000600180IT-RoPAU120407s9999 xx 000 0 und d aIT-RoPAU cIT-RoPAU aita aMassimiliano Kolbe aScritti. Lettere. Vol. I, 1 - 2. aPadova c1971 c22 cm v2